=LDR 00000nam 2200000 4500 =001 INLIS000000000024170 =005 20130612122756 =008 ***********************************Ind** =035 ##$$0010-061300000024170 =041 ##$$a Ind =082 ##$$a F.rom k =090 ##$$a F.Rom k, Hud b =100 ##$$a Huda Nurul F =245 ##$$a Biarkan aku memulai, Nurul F. Huda =260 ##$$a 2001 $b Bandung =300 ##$$a 150 hlm, ilus, 17 cm =650 ##$$a Novel Islami =850 ##$$a NBPNMAT